Disorders of Thrombosis and Hemostasis: (Record no. 4028)
[ view plain ]
| 000 -LEADER | |
|---|---|
| fixed length control field | 02916cam a22003254a 4500 |
| 001 - CONTROL NUMBER | |
| control field | 12662215 |
| 003 - CONTROL NUMBER IDENTIFIER | |
| control field | OSt |
| 005 - DATE AND TIME OF LATEST TRANSACTION | |
| control field | 20161110142311.0 |
| 008 - FIXED-LENGTH DATA ELEMENTS--GENERAL INFORMATION | |
| fixed length control field | 020130s2002 paua b 001 0 eng |
| 010 ## - LIBRARY OF CONGRESS CONTROL NUMBER | |
| LC control number | 2002016168 |
| 020 ## - INTERNATIONAL STANDARD BOOK NUMBER | |
| International Standard Book Number | 0397516908 |
| 035 ## - SYSTEM CONTROL NUMBER | |
| System control number | (DNLM)101137256 |
| 040 ## - CATALOGING SOURCE | |
| Original cataloging agency | DNLM/DLC |
| Transcribing agency | DLC |
| Modifying agency | DLC |
| 042 ## - AUTHENTICATION CODE | |
| Authentication code | pcc |
| 050 00 - LIBRARY OF CONGRESS CALL NUMBER | |
| Classification number | RC647.C55 |
| Item number | B54 2002 |
| 060 10 - NATIONAL LIBRARY OF MEDICINE CALL NUMBER | |
| Classification number | WH 322 |
| Item number | B583db 2002 |
| 082 00 - DEWEY DECIMAL CLASSIFICATION NUMBER | |
| Classification number | WH 322 |
| Edition number | 21 |
| Item number | B472d 2002 |
| 100 1# - MAIN ENTRY--PERSONAL NAME | |
| Personal name | Bick, Rodger L. |
| 9 (RLIN) | 8788 |
| 245 10 - TITLE STATEMENT | |
| Title | Disorders of Thrombosis and Hemostasis: |
| Remainder of title | clinical and laboratory practice |
| Statement of responsibility, etc. | . |
| 250 ## - EDITION STATEMENT | |
| Edition statement | 3rd ed. |
| 260 ## - PUBLICATION, DISTRIBUTION, ETC. (IMPRINT) | |
| Place of publication, distribution, etc. | Philadelphia : |
| Name of publisher, distributor, etc. | Lippincott Williams & Wilkins, |
| Date of publication, distribution, etc. | 2002. |
| 300 ## - PHYSICAL DESCRIPTION | |
| Extent | 446 p. : |
| Other physical details | ill. ; |
| Dimensions | 29 cm. |
| 504 ## - BIBLIOGRAPHY, ETC. NOTE | |
| Bibliography, etc | Includes bibliographical references and index. |
| 505 8# - FORMATTED CONTENTS NOTE | |
| Formatted contents note | Machine generated contents note: ContributingAuthors ix --Preface xi --Acknowledgments xiii -- 1. Physiology of Hemostasis 1 -- Rodger L. Bick and Genesio Murano -- 2. Clinical Assessment of Patients with Hemorrhage 31 -- Rodger L. Bick -- 3. Hereditary and Acquired Vascular Thrombohemorrhagic Disorders 39 -- Rodger L. Bick -- 4. Platelet-Function Defects 59 -- Rodger L. Bick -- 5. Thrombocytopenia and Thrombocytosis 91 -- Eugene P. Frenkel -- 6. Hereditary Coagulation Protein Defects 117 -- Frank A. Nizzi, Jr., Suneeti Sapatnekar, and Rodger L. Bick -- 7. Disseminated Intravascular Coagulation 139 -- Rodger L. Bick -- 8. Thrombohemorrhagic Defects in Liver and Renal Diseases 165 -- Eberhard F Mammen -- 9. Thrombotic and Hemorrhagic Problems During Cardiovascular Bypass Surgery and -- Cardiovascular Procedures 177 -- Rodger L. Bick -- 10. Acquired Blood Coagulation Inhibitors 213 -- Yale S. Arkel and De-Hui W Ku -- 11. Clinical Approach to the Patient with Thrombosis, Thromboembolus, and Pulmonary Embolus 251 -- Rodger L. Bick and William E Baker, Jr. -- 12. Thrombohemorrhagic Defects Associated with Malignancy 265 -- Eugene 1P Frenkel and Rodger L. Bick -- 13. Hereditary Thrombophilic Disorders 283 -- Rodger L. Bick and William E Baker, Jr. -- 14. Acquired Thrombophilia 303 -- Rodger L. Bick and William E Baker, Jr. -- 15. Thromboprophylaxis and Thrombosis in Medical, Surgical, Trauma, and -- Obstetric/Gynecologic Patients 325 -- Rodger L. Bick and Sylvia K Haas -- 16. Oral Antithrombotic Therapy: Warfarins and Related Compounds 349 -- Graham E Pineo and Russell D. Hull -- 17. Heparin and Low-Molecular-Weight -- Heparins 359 -- Rodger L. Bick -- 18. Antiplatelet Therapy 379 -- Hans Klaus Breddin -- 19. Thrombolytic Therapy 397 -- William F Baker, Jr. -- 20. Hemostatic Factors in Atherothrombotic Disease 421 -- Yale S. Arkel and De-Hui W Ku --Subject Index 435. |
| 650 #0 - SUBJECT ADDED ENTRY--TOPICAL TERM | |
| Topical term or geographic name as entry element | Hemostasis: Hematology |
| 9 (RLIN) | 4830 |
| 650 #0 - SUBJECT ADDED ENTRY--TOPICAL TERM | |
| Topical term or geographic name as entry element | Thrombosis. |
| 9 (RLIN) | 3521 |
| 856 41 - ELECTRONIC LOCATION AND ACCESS | |
| Materials specified | Table of contents |
| Uniform Resource Identifier | http://www.loc.gov/catdir/toc/fy041/2002016168.html |
| 906 ## - LOCAL DATA ELEMENT F, LDF (RLIN) | |
| a | 7 |
| b | cbc |
| c | orignew |
| d | 1 |
| e | ocip |
| f | 20 |
| g | y-gencatlg |
| 942 ## - ADDED ENTRY ELEMENTS (KOHA) | |
| Source of classification or shelving scheme | Dewey Decimal Classification |
| Koha item type | Short Loan |
| Withdrawn status | Lost status | Source of classification or shelving scheme | Damaged status | Not for loan | Home library | Current library | Date acquired | Source of acquisition | Inventory number | Total Checkouts | Full call number | Barcode | Date last seen | Koha item type |
|---|---|---|---|---|---|---|---|---|---|---|---|---|---|---|
| Other/Generic Classification Scheme | MUST Main Library | MUST Main Library | 13/05/2016 | 08/30999 | WH 322 B472d 2002 | 2016-1888 | 13/05/2016 | Short Loan |
